000 00350nam a22001337a 4500
003 OSt
005 20231127224642.0
008 231127b |||||||| |||| 00| 0 eng d
040 _cCO-JMCR
082 _aA /
_bCAMC
100 _aCampanari, José
_eAutor
_942982
245 _a!Que mal huele! /
_cJose Campanari y Simona Mulazzani
942 _2ddc
_cBK
999 _c30394
_d16778